000 00469 a2200157 4500
020 _a0007119275
082 _a823.912
090 _c1002
_d1002
100 _aAgatha Christie
245 _aThe mysterious affair at Styles
_cAgatha Christie
260 _aNew York: ,
_bCollins Publishers
_c1920.
300 _a297 p. ;
_b20 cm.
500 _aIncludes Index
650 _a1.Poirot, Hercule (Fictitious character) --Fiction.2.Belgians --England --Fiction.
942 _cBK
999 _c481804
_d481804